000366086 001__ 366086
000366086 005__ 20260309162816.0
000366086 0247_ $$2URN$$aurn:nbn:de:tuda-tuda-149189
000366086 037__ $$aGSI-2026-00396
000366086 041__ $$aEnglish
000366086 1001_ $$0P:(DE-HGF)0$$aDistefano, Giuseppa Rita$$b0$$eCorresponding author$$gfemale
000366086 245__ $$aSynthesis and characterization of single hybrid nanopores fabricated by ion-track technology
000366086 260__ $$aDarmstadt$$bTechnische Universität Darmstadt$$c2025
000366086 300__ $$a115 p
000366086 3367_ $$2DataCite$$aOutput Types/Dissertation
000366086 3367_ $$2ORCID$$aDISSERTATION
000366086 3367_ $$2BibTeX$$aPHDTHESIS
000366086 3367_ $$02$$2EndNote$$aThesis
000366086 3367_ $$0PUB:(DE-HGF)11$$2PUB:(DE-HGF)$$aDissertation / PhD Thesis$$bphd$$mphd$$s1773070048_2027645
000366086 3367_ $$2DRIVER$$adoctoralThesis
000366086 502__ $$aDissertation, Technische Universität Darmstadt, 2025$$bDissertation$$cTechnische Universität Darmstadt$$d2025$$o2025-12-17
000366086 536__ $$0G:(DE-HGF)POF4-632$$a632 - Materials – Quantum, Complex and Functional Materials (POF4-632)$$cPOF4-632$$fPOF IV$$x0
000366086 693__ $$0EXP:(DE-Ds200)UMat_X0-20200803$$1EXP:(DE-Ds200)X0-20200803$$5EXP:(DE-Ds200)UMat_X0-20200803$$aX0$$e UMat: Material Science Proposals at the UNILAC (POF3-6214; X0) $$x0
000366086 909CO $$ooai:repository.gsi.de:366086$$pVDB
000366086 9131_ $$0G:(DE-HGF)POF4-632$$1G:(DE-HGF)POF4-630$$2G:(DE-HGF)POF4-600$$3G:(DE-HGF)POF4$$4G:(DE-HGF)POF$$aDE-HGF$$bForschungsbereich Materie$$lVon Materie zu Materialien und Leben$$vMaterials – Quantum, Complex and Functional Materials$$x0
000366086 9141_ $$y2025
000366086 920__ $$lyes
000366086 9201_ $$0I:(DE-Ds200)MAT-20051214OR025$$kMAT$$lMaterialforschung$$x0
000366086 9201_ $$0I:(DE-Ds200)Coll-FAIR-MAT$$kMAT@FAIR$$lCollaboration FAIR: MAT$$x1
000366086 980__ $$aphd
000366086 980__ $$aVDB
000366086 980__ $$aI:(DE-Ds200)MAT-20051214OR025
000366086 980__ $$aI:(DE-Ds200)Coll-FAIR-MAT
000366086 980__ $$aUNRESTRICTED